Online
Catalog

Prosas / (Record no. 18640)

MARC details
000 -CABECERA
campo de control de longitud fija 00659nam a2200205 a 4500
001 - NÚMERO DE CONTROL
campo de control 000019122
005 - FECHA Y HORA DE LA ÚLTIMA TRANSACCIÓN
campo de control 20250723150125.0
008 - DATOS DE LONGITUD FIJA--INFORMACIÓN GENERAL
campo de control de longitud fija 100526s1987 dr 000 e spa d
040 ## - FUENTE DE LA CATALOGACIÓN
Centro catalogador/agencia de origen DO-SdBNP
Lengua de catalogación spa
Centro/agencia transcriptor BNPHU
082 ## - NÚMERO DE LA CLASIFICACIÓN DECIMAL DEWEY
Número de clasificación RD868.44
Número de documento/Ítem S638p
100 1# - ENTRADA PRINCIPAL--NOMBRE DE PERSONA
Nombre de persona Smester, Rosa
Fechas asociadas al nombre 1916-1924
9 (RLIN) 41146
245 10 - MENCIÓN DE TÍTULO
Título Prosas /
Mención de responsabilidad, etc. Rosa Smester.
260 ## - PUBLICACIÓN, DISTRIBUCIÓN, ETC.
Lugar de publicación, distribución, etc. Santo Domingo :
Nombre del editor, distribuidor, etc. FERILIBRO,
Fecha de publicación, distribución, etc. 1987.
300 ## - DESCRIPCIÓN FÍSICA
Extensión 84 p. ;
Dimensiones 22 cm.
590 ## - NOTA LOCAL (RLIN)
Nota local Inventariado, 2019/MFF
650 #0 - PUNTO DE ACCESO ADICIONAL DE MATERIA--TÉRMINO DE MATERIA
Término de materia o nombre geográfico como elemento de entrada Prosa dominicana
9 (RLIN) 12146
650 #0 - PUNTO DE ACCESO ADICIONAL DE MATERIA--TÉRMINO DE MATERIA
Término de materia o nombre geográfico como elemento de entrada Literatura dominicana.
9 (RLIN) 67
710 2# - PUNTO DE ACCESO ADICIONAL--NOMBRE DE ENTIDAD CORPORATIVA
Nombre de entidad corporativa o nombre de jurisdicción como elemento de entrada Comisión Permanente de la Feria del Libro (República Dominicana)
9 (RLIN) 1237
910 ## - DATOS DE OPCIÓN DEL USUARIO (OCLC)
Datos de opción del usuario Validado. Control de calidad MFF
Holdings
Estado de retiro Estado de pérdida No para préstamo Código de colección Localización permanente Ubicación/localización actual Ubicación en estantería Fecha de adquisición Número de inventario Total de préstamos Signatura topográfica completa Código de barras Fecha visto por última vez Precio válido a partir de Tipo de ítem Koha Nota pública Número de copia Restricciones de uso
    Excluido de préstamo Patrimonio Dominicano Patrimonio Dominicano Patrimonio Dominicano Depósito 26.05.2010 LF1   RD868.44 S638p 19122-10 25.06.2020 25.06.2020 Libro y Folleto Colección Patrimonio Dominicano Perteneció a la biblioteca personal de la familia Reyes Duluc.    
    Excluido de préstamo Patrimonio Dominicano Patrimonio Dominicano Patrimonio Dominicano Depósito 26.05.2010 LF1   RD868.44 S638p 19122-20 25.06.2020 25.06.2020 Libro y Folleto Colección Patrimonio Dominicano   e.2  
      Dominicana de Servicio Patrimonio Dominicano Patrimonio Dominicano Depósito 01.04.2011 LF1   RD868.44 S638p 19122-30 25.06.2020 25.06.2020 Libro y Folleto Colección Dominicana de Servicio   e.3  
      Dominicana de Servicio Patrimonio Dominicano Patrimonio Dominicano Depósito 01.04.2011 LF1   RD868.44 S638p 19122-40 25.06.2020 25.06.2020 Libro y Folleto Colección Dominicana de Servicio   e.4  
      Dominicana de Servicio Patrimonio Dominicano Patrimonio Dominicano Depósito 18.04.2011 LF1   RD868.44 S638p 19122-50 25.06.2020 25.06.2020 Libro y Folleto Colección Dominicana de Servicio   e.5  

Powered by Koha